|
|
|
|
| LEADER |
02009nam a2200445 i 4500 |
| 001 |
EBC3327220 |
| 003 |
MiAaPQ |
| 005 |
20200520144314.0 |
| 006 |
m o d | |
| 007 |
cr cnu|||||||| |
| 008 |
150319t20152015ne ob 001 0deng d |
| 020 |
|
|
|z 9789087282240
|
| 020 |
|
|
|a 9789400602076
|q (electronic bk.)
|
| 020 |
|
|
|a 9789400602083
|q (electronic bk.)
|
| 035 |
|
|
|a (MiAaPQ)EBC3327220
|
| 035 |
|
|
|a (Au-PeEL)EBL3327220
|
| 035 |
|
|
|a (CaPaEBR)ebr11031156
|
| 035 |
|
|
|a (OCoLC)905855880
|
| 040 |
|
|
|a MiAaPQ
|b eng
|e rda
|e pn
|c MiAaPQ
|d MiAaPQ
|
| 050 |
|
4 |
|a PK6413.5.W65
|b .B346 2015
|
| 082 |
0 |
|
|a 891.55099287
|2 23
|
| 100 |
1 |
|
|a Bahmany, Leila Rahimi,
|e author.
|
| 245 |
1 |
0 |
|a Mirrors of entrapment and emancipation :
|b Forugh Farrokhzad and Sylvia Plath /
|c Leila Rahimi Bahmany.
|
| 264 |
|
1 |
|a [Leiden, Netherlands] :
|b Leiden University Press,
|c 2015.
|
| 264 |
|
4 |
|c 2015
|
| 300 |
|
|
|a 1 online resource (383 pages).
|
| 336 |
|
|
|a text
|2 rdacontent
|
| 337 |
|
|
|a computer
|2 rdamedia
|
| 338 |
|
|
|a online resource
|2 rdacarrier
|
| 490 |
1 |
|
|a Iranian Studies Series
|
| 504 |
|
|
|a Includes bibliographical references and index.
|
| 588 |
|
|
|a Description based on online resource; title from PDF title page (ebrary, viewed March 19, 2015).
|
| 590 |
|
|
|a Electronic reproduction. Ann Arbor, MI : ProQuest, 2015. Available via World Wide Web. Access may be limited to ProQuest affiliated libraries.
|
| 600 |
1 |
0 |
|a Farrukhzad, Furugh
|x Criticism and interpretation.
|
| 650 |
|
0 |
|a Women authors, Iranian
|v Biography.
|
| 655 |
|
4 |
|a Electronic books.
|
| 776 |
0 |
8 |
|i Print version:
|a Bahmany, Leila Rahimi.
|t Mirrors of entrapment and emancipation : Forugh Farrokhzad and Sylvia Plath.
|d [Leiden, Netherlands] : Leiden University Press, c2015
|h 381 pages
|k Iranian studies series (Leiden, Netherlands)
|z 9789087282240
|
| 797 |
2 |
|
|a ProQuest (Firm)
|
| 830 |
|
0 |
|a Iranian studies series (Leiden, Netherlands)
|
| 856 |
4 |
0 |
|u https://ebookcentral.proquest.com/lib/matrademy/detail.action?docID=3327220
|z Click to View
|